Collection of New Examination Essays and Writing Hight School, College & University /

Guardado en:
Detalles Bibliográficos
Autor principal: .B.A, Rjamanikam
Formato: Libro
Lenguaje:English
Publicado: Trẻ, 2008.
Materias:
Etiquetas: Agregar Etiqueta
Sin Etiquetas, Sea el primero en etiquetar este registro!
Thư viện lưu trữ: Mạng thư viện Đại học Đà Nẵng
LEADER 01131cam a22002891a 4500
001 000034522
003 10721
005 20220610083945.0
008 151027s2008 000 eng
041 |a eng 
082 |a 420.8  |b BA-R 
100 |a .B.A, Rjamanikam 
245 0 |a Collection of New Examination Essays and Writing Hight School, College & University /  |c K.Rajamanikam.B.A. 
260 |a Trẻ,  |c 2008. 
300 |a 303tr: ;  |c 20cm. 
650 |a Collection of New Examination Essays and Writing for Hight School, College & University  |b Tuyển tập các bài luận - viết trong các kỳ thi anh văn 
653 |a Essays and Writing  |a New Examination 
OWN |a LNN 
AVA |a UDN50  |b LNN  |c English  |d 420.8BA-R  |e available  |t Error 5001 Not defined in file expand_doc_bib_avail.  |f 2  |g 0  |h N  |i 0  |j AN 
999 |a From the UDN01 
AVA |a UDN50  |b LNN  |c English  |d 420.8BA-R  |e available  |t Error 5001 Not defined in file expand_doc_bib_avail.  |f 2  |g 0  |h N  |i 0  |j AN 
TYP |a Monograph 
TYP |a Printed language 
980 |a Mạng thư viện Đại học Đà Nẵng